| 000 | 00527nam a22001937a 4500 | ||
|---|---|---|---|
| 003 | OSt | ||
| 005 | 20250611140628.0 | ||
| 008 | 250611b |||||||| |||| 00| 0 eng d | ||
| 020 | _a978-93-6487-059-7 | ||
| 040 | _cSBCL | ||
| 082 |
_a894.8123 _bSRE-D |
||
| 100 | _aSreenivasan,Jailaxmi | ||
| 245 | _aDear Neeraj (Mal.) | ||
| 250 | _a2 | ||
| 260 |
_aKottayam _bDC Books _c2025 |
||
| 300 | _a142p. | ||
| 650 |
_2Literature & rhetoric _aLiteratures of other languages _vAltaic, Uralic, Hyperborean & Dravidian |
||
| 942 | _cBOOK | ||
| 999 |
_c137028 _d137028 |
||